000 00343nam a2200145Ia 4500
999 _c31420
_d31420
003 OSt
005 20250602121543.0
008 250310s9999||||xx |||||||||||||| ||und||
040 _c.
082 _a823.914
_bS6421
100 _95867
_aSmith, Wilbur
245 0 _aLeopard hunts in darkness /
_cWilbur Smith
300 _a429 p.
942 _cBK
_2ddc